Giáo trình chính trị Dùng trong các trường Trung cấp chuyên nghiệp hệ tuyển sinh tốt nghiệp Trung học phổ thông

Αποθηκεύτηκε σε:
Λεπτομέρειες βιβλιογραφικής εγγραφής
Κύριος συγγραφέας: Lê, Thế Lạng
Άλλοι συγγραφείς: Đặng, Gia Định
Μορφή: Βιβλίο
Γλώσσα:Undetermined
Έκδοση: H. Giáo dục 2007
Θέματα:
Διαθέσιμο Online:http://lrc.tdmu.edu.vn/opac/search/detail.asp?aID=2&ID=14155
Ετικέτες: Προσθήκη ετικέτας
Δεν υπάρχουν, Καταχωρήστε ετικέτα πρώτοι!
Thư viện lưu trữ: Trung tâm Học liệu Trường Đại học Thủ Dầu Một
LEADER 00767nam a2200217Ia 4500
001 TDMU_14155
008 210410s9999 xx 000 0 und d
082 |a 320 
090 |b L250 
100 |a Lê, Thế Lạng 
245 0 |a Giáo trình chính trị 
245 0 |b Dùng trong các trường Trung cấp chuyên nghiệp hệ tuyển sinh tốt nghiệp Trung học phổ thông 
245 0 |c Lê Thế Lạng (ch. b.) 
260 |a H. 
260 |b Giáo dục 
260 |c 2007 
300 |a 247 tr. 
650 |a Chính trị  |x Giáo trình 
700 |a Đặng, Gia Định 
856 |u http://lrc.tdmu.edu.vn/opac/search/detail.asp?aID=2&ID=14155 
980 |a Trung tâm Học liệu Trường Đại học Thủ Dầu Một